[Event "ROM-ch U10 Girls"]
[Site "Calimanesti"]
[Date "2018.03.29"]
[Round "4"]
[White "Ivascu, Andreea Catalina"]
[Black "Popa, Ana"]
[Result "1-0"]
[WhiteElo "1054"]
[BlackElo "1001"]
[PlyCount "121"]
[EventDate "2018.03.27"]
[EventType "swiss"]
[EventRounds "9"]
[EventCountry "ROU"]
[SourceTitle "CBM 183 Extra"]
[Source "ChessBase"]
[SourceDate "2018.04.19"]
[SourceVersion "1"]
[SourceVersionDate "2018.04.19"]
[SourceQuality "1"]

1. e4 e5 2. Nf3 Nc6 3. Bc4 Nf6 4. d3 h6 5. c3 Bc5 6. h3 d6 7. Bb3 a6 8. Nbd2 b5 9. Nf1 Bd7 10. Bc2 d5 11. Qe2 dxe4 12. dxe4 Be6 13. Bd3 0-0 14. g4 Nh7 15. Ng3 Ne7 16. Nxe5 Bd6 17. Nf3 Bxg3 18. fxg3 Qd6 19. e5 Qd5 20. Be4 Qc4 21. Qxc4 Bxc4 22. Bxa8 Rxa8 23. b3 Bd5 24. Rf1 Nc6 25. Bf4 Re8 26. Rd1 Bxf3 27. Rxf3 Nxe5 28. Bxe5 Rxe5+ 29. Kf2 f6 30. Rd8+ Kf7 31. Rd7+ Re7 32. Rxe7+ Kxe7 33. Re3+ Kf8 34. h4 g5 35. h5 c5 36. Rd3 c4 37. bxc4 bxc4 38. Rd4 Ke7 39. Rxc4 Nf8 40. Rc6 a5 41. Ra6 Nd7 42. Rxa5 Ne5 43. Ra4 Nd3+ 44. Ke3 Nc5 45. Rc4 Nd7 46. Re4+ Ne5 47. a4 Kd6 48. Rd4+ Kc5 49. a5 Nc6 50. a6 Nxd4 51. cxd4+ Kb6 52. a7 Kxa7 53. Ke4 Kb6 54. Kf5 Kc6 55. Kxf6 Kd5 56. Kg6 Kxd4 57. Kxh6 Ke4 58. Kxg5 Kf3 59. h6 Kxg3 60. h7 Kf3 61. h8Q 1-0